Countries where Pepsi outsells Coca-Cola - Statistics

General Stats
  • This quiz has been taken 36 times
  • The average score is 4 of 6
Answer Stats
Hint Answer % Correct
Middle East Saudi Arabia
88%
Asia India
70%
Middle East Oman
70%
Asia Pakistan
58%
North America Guatemala
55%
North America Dominican Republic
48%
No matching quizzes found
Score Distribution
Percent of People with Each Score
Percentile by Number Answered
Your Score History
You have not taken this quiz